Walls of light : (Record no. 17513)

000 -LEADER
fixed length control field 01525pam a2200337 a 4500
001 - CONTROL NUMBER
control field 4035148
005 - DATE AND TIME OF LATEST TRANSACTION
control field 20161126124144.0
008 - FIXED-LENGTH DATA ELEMENTS--GENERAL INFORMATION
fixed length control field 980730s1999 msua bc s000 0 eng
010 ## - LIBRARY OF CONGRESS CONTROL NUMBER
LC control number 98039010
020 ## - INTERNATIONAL STANDARD BOOK NUMBER
International Standard Book Number 1578061288 (cloth : alk. paper)
040 ## - CATALOGING SOURCE
Original cataloging agency DLC
Transcribing agency DLC
Modifying agency DLC
043 ## - GEOGRAPHIC AREA CODE
Geographic area code n-us-ms
050 00 - LIBRARY OF CONGRESS CALL NUMBER
Classification number ND237
Item number .A64A4 1999
100 1# - MAIN ENTRY--PERSONAL NAME
Personal name King, Anne R.
245 10 - TITLE STATEMENT
Title Walls of light :
Remainder of title the murals of Walter Anderson /
Statement of responsibility, etc. Anne R. King ; foreword by Stephen E. Ambrose ; photographs by John Lawrence.
260 ## - PUBLICATION, DISTRIBUTION, ETC. (IMPRINT)
Place of publication, distribution, etc. Jackson :
Name of publisher, distributor, etc. University Press of Mississppi and the Walter Anderson Museum of Art,
Date of publication, distribution, etc. 1999.
300 ## - PHYSICAL DESCRIPTION
Extent 117 p. :
Other physical details ill. (some col.) ;
Dimensions 29 cm.
500 ## - GENERAL NOTE
General note Published to coincide with the exhibition of the same name held at the Walter Anderson Museum of Art, Apr. 17-Aug. 15, 1999.
504 ## - BIBLIOGRAPHY, ETC. NOTE
Bibliography, etc Includes bibliographical references (p. 115-116).
600 10 - SUBJECT ADDED ENTRY--PERSONAL NAME
Personal name Anderson, Walter Inglis,
Dates associated with a name 1903-1965
General subdivision Exhibitions.
651 #0 - SUBJECT ADDED ENTRY--GEOGRAPHIC NAME
Geographic name Gulf Coast (Miss.)
General subdivision In art.
700 1# - ADDED ENTRY--PERSONAL NAME
Personal name Anderson, Walter Inglis,
Dates associated with a name 1903-1965.
710 2# - ADDED ENTRY--CORPORATE NAME
Corporate name or jurisdiction name as entry element Walter Anderson Museum of Art.
942 ## - ADDED ENTRY ELEMENTS (KOHA)
Source of classification or shelving scheme
Koha item type Hard Covered Materials
Classification part ND237 .A64A4 1999
Holdings
Withdrawn status Lost status Source of classification or shelving scheme Damaged status Not for loan Home library Current library Shelving location Date acquired Source of acquisition Total Checkouts Full call number Barcode Date last seen Price effective from Koha item type
          MACHAKOS UNIVERSITY LIBRARY MACHAKOS UNIVERSITY LIBRARY Open shelf 26/11/2016 Donation(BFA)   ND237 .A64A4 1999 28302 26/11/2016 26/11/2016 Hard Covered Materials
© Machakos University Library, Along The Highway, Machakos Wote Rd, Machakos, Kenya P.O. Box 136 - 90100 Machakos - Kenya

Tel: ( +254 ) 723 805829 OR Fax : 044-20353 OR Email: library@mksu.ac.ke